000 00547cam a22001931 4500
001 000001351
005 20200929145542.0
008 751013s1955 sp 000 f spa
040 _aDO-SdBNP
_bspa
_cBNPHU
082 _a863.64
_bS182a
100 1 _aSalvador, Tomás,
_d1921-1984
_94535
245 1 4 _aLos atracadores /
_cTomás Salvador.
260 _aBarcelona :
_bLuis de Caralt,
_c1955.
300 _a280 p. ;
_c21 cm.
490 1 _aGigante
650 4 _aNovela española
_91123
650 4 _aLiteratura española
_9632
830 0 _aGigante
_94165
999 _c1280
_d1280